| 000 | 00374nam a22001457a 4500 | ||
|---|---|---|---|
| 005 | 20260223144957.0 | ||
| 008 | 260223b |||||||| |||| 00| 0 eng d | ||
| 020 | _a9966-46-204-x | ||
| 100 | _aONGETI, KHAEMBA | ||
| 245 | _aVISIKI | ||
| 260 |
_aNAIROBI _bEAST AFRICAN EDUCATIONAL PUBLISHERS _c2001 |
||
| 300 | _aIV, 59P. | ||
| 650 | _aSWAHILI FICTION | ||
| 942 |
_2lcc _cBK |
||
| 999 |
_c216593 _d216593 |
||